000 00517nam a2200169 a 4500
001 4148
005 20140414131855.0
008 090331s19uu xx 00 eng d
020 _a1-582791-83-X
050 _aM 812.54
_bSt4 2001
100 _aStevenson, Robert Louis, 1850-1894.
245 _aTreasure Island /
_cby Robert Louis Stevenson.
260 _aNaples Florida :
_bTrident Press International,
_cc2001.
300 _a284 p. : cm.
650 _aTreasure Island (Imaginary place)
_xFiction.
999 _c110393
_d110393